[Event "14th EUR-ch"]
[Site "Minsk BLR"]
[Date "2017.06.05"]
[Round "6.53"]
[White "Grachev, Boris"]
[Black "Kveinys, Aloyzas"]
[Result "1-0"]
[WhiteElo "2658"]
[BlackElo "2520"]
[EventDate "2017.05.30"]
[PlyCount "103"]

1.d4 Nf6 2.c4 e6 3.Nf3 d5 4.Nc3 c5 5.e3 Nc6 6.cxd5 Nxd5 7.Bd3 Be7 8.O-O 
O-O 9.Nxd5 Qxd5 10.Qc2 Nb4 11.Bxh7+ Kh8 12.Qb1 g6 13.Bxg6 fxg6 14.Ne5 Bd6 
15.Nxg6+ Kg7 16.Nxf8 Kxf8 17.dxc5 Qxc5 18.Qh7 Qf5 19.Qh8+ Kf7 20.Bd2 Be5 
21.Qh4 Nd3 22.Bc3 Bxc3 23.bxc3 Bd7 24.e4 Qg6 25.Rfd1 Bb5 26.Rab1 Rh8 27.
Qg3 Qxg3 28.hxg3 Ba6 29.f3 Kf6 30.Rb3 Rg8 31.g4 Kg5 32.c4 Ne5 33.Rd6 Kf6 
34.c5 Rc8 35.g5+ Kxg5 36.Rxe6 Rxc5 37.Kh2 Nc6 38.Re8 Nd4 39.Ra3 Nc2 40.f4+
Kf6 41.Rh3 Bb5 42.Reh8 Bc6 43.e5+ Ke6 44.R8h6+ Kf5 45.e6 Ke4 46.e7 Be8 47.
Rh8 Rc8 48.Rf8 Ne3 49.Rhh8 Rc2 50.Rhg8 Bb5 51.Rg5 Rc3 52.Re5+ 1-0

[Event "14th EUR-ch"]
[Site "Minsk BLR"]
[Date "2017.06.05"]
[Round "6.54"]
[White "Siugirov, Sanan"]
[Black "Dastan, Muhammed Batuhan"]
[Result "1-0"]
[WhiteElo "2654"]
[BlackElo "2519"]
[EventDate "2017.05.30"]
[PlyCount "59"]

1.d4 d5 2.c4 c6 3.Nf3 Nf6 4.e3 Bf5 5.Nc3 a6 6.Bd2 e6 7.Qb3 Ra7 8.Nh4 Be4 
9.cxd5 cxd5 10.f3 Bg6 11.Nxg6 hxg6 12.O-O-O Nc6 13.Kb1 Be7 14.Rc1 O-O 15.
Na4 Nd7 16.Qd1 e5 17.h4 Ra8 18.h5 g5 19.h6 g6 20.h7+ Kg7 21.Qb3 Rb8 22.
dxe5 Ndxe5 23.Nb6 d4 24.Nd5 Bd6 25.exd4 Nxd4 26.Qe3 Ne6 27.Bc3 f6 28.Rd1 
Bc7 29.Bb4 Bd6 30.Nxf6 1-0

[Event "14th EUR-ch"]
[Site "Minsk BLR"]
[Date "2017.06.05"]
[Round "6.55"]
[White "Edouard, Romain"]
[Black "Theodorou, Nikolas"]
[Result "1-0"]
[WhiteElo "2640"]
[BlackElo "2495"]
[EventDate "2017.05.30"]
[PlyCount "63"]

1.d4 Nf6 2.c4 d6 3.Nc3 g6 4.e4 Bg7 5.Nge2 O-O 6.Ng3 h5 7.Be2 c5 8.d5 Nbd7 
9.a4 Re8 10.O-O h4 11.Nh1 e6 12.Bg5 h3 13.dxe6 Rxe6 14.gxh3 Nf8 15.Ng3 Re8
16.Bg4 N8h7 17.Be3 Nxg4 18.hxg4 Qh4 19.f3 Be6 20.Qd3 Ng5 21.Kh1 Nh3 22.Nb5
Rad8 23.Nc7 Re7 24.Nxe6 Rxe6 25.Qe2 Rde8 26.Rad1 Qf6 27.f4 Rxe4 28.Nxe4 
Rxe4 29.Qf3 Qe6 30.Bc1 f5 31.Qxh3 fxg4 32.Qg2 1-0

[Event "14th EUR-ch"]
[Site "Minsk BLR"]
[Date "2017.06.05"]
[Round "6.56"]
[White "Oleksiyenko, Mykhaylo"]
[Black "Meskovs, Nikita"]
[Result "1-0"]
[WhiteElo "2636"]
[BlackElo "2504"]
[EventDate "2017.05.30"]
[PlyCount "69"]

1.e4 c5 2.Nf3 e6 3.d4 cxd4 4.Nxd4 Nc6 5.Nc3 Qc7 6.Be2 a6 7.O-O Nf6 8.Be3 
Bb4 9.Na4 Be7 10.Nxc6 bxc6 11.Nb6 Rb8 12.Nxc8 Qxc8 13.Bd4 c5 14.Be5 Rb6 
15.b3 d6 16.Bb2 O-O 17.Qd3 Qc6 18.e5 dxe5 19.Bxe5 Nd7 20.Bg3 Rd8 21.Rad1 
h6 22.Bf3 Qc8 23.Qc3 Rb4 24.a3 Bf6 25.Qe3 Bd4 26.Qe1 Rb6 27.c3 Bf6 28.b4 
Nf8 29.Qe3 Rxd1 30.Rxd1 Be7 31.a4 Nd7 32.a5 Rb5 33.Be2 c4 34.Qe4 Bf6 35.
Qxc4 1-0

[Event "14th EUR-ch"]
[Site "Minsk BLR"]
[Date "2017.06.05"]
[Round "6.57"]
[White "Andriasian, Zaven"]
[Black "Khegay, Dmitriy"]
[Result "1/2-1/2"]
[WhiteElo "2622"]
[BlackElo "2482"]
[EventDate "2017.05.30"]
[PlyCount "167"]

1.e4 e6 2.d4 d5 3.Nc3 Bb4 4.e5 Ne7 5.a3 Bxc3+ 6.bxc3 c5 7.h4 Qa5 8.Bd2 Qa4
9.h5 h6 10.Nf3 Nbc6 11.Rh4 c4 12.Rg4 Rg8 13.Rf4 Bd7 14.g3 O-O-O 15.Bh3 
Rdf8 16.Kf1 Kb8 17.Kg1 Ka8 18.Nh4 Bc8 19.Ra2 Bd7 20.Qf3 Nd8 21.Bc1 Bc8 22.
Kh2 Bd7 23.Ng2 Bc8 24.Ne3 Re8 25.Ra1 Kb8 26.Bd2 Rh8 27.Ra2 Qb5 28.Qd1 Qa4 
29.Qb1 Nec6 30.Nd1 Ref8 31.Ne3 Rhg8 32.Ng4 Rh8 33.Ra1 Bd7 34.Qb2 Bc8 35.
Rg1 Bd7 36.Ne3 Bc8 37.Rh4 Qa5 38.Qc1 Re8 39.f4 Ne7 40.Bg2 Nf5 41.Rh3 Nxe3 
42.Bxe3 Qxc3 43.g4 Qa5 44.Rf3 g6 45.Bh3 Nc6 46.f5 exf5 47.gxf5 g5 48.Bf2 
Ka8 49.Bg4 Qc7 50.Kh3 Rhg8 51.Qd2 Bd7 52.Re1 Bc8 53.Bg3 Qb6 54.Rd1 Ne7 55.
Qf2 Nc6 56.Kh2 Qa5 57.Re3 Qb6 58.Qd2 Rgf8 59.Kg2 Ne7 60.Rf3 Nc6 61.Be1 Qb5
62.Qf2 Qb6 63.Bc3 Qa6 64.Ra1 Qa4 65.Kh3 Bd7 66.Qd2 Bc8 67.Rff1 Rd8 68.Bb4 
Rfe8 69.Bc3 Ne7 70.Bb4 Nc6 71.Rae1 Qa6 72.Rf3 Qb6 73.Bc3 Qa6 74.Bb2 Qb6 
75.Bc3 Qa6 76.Bb2 Qb6 77.Qc3 Qa6 78.Rd1 Qa4 79.Bc1 Qa6 80.Be3 Qb5 81.Bg1 
Qb6 82.Bh2 Bd7 83.Rff1 Bc8 84.Rf3 1/2-1/2

[Event "14th EUR-ch"]
[Site "Minsk BLR"]
[Date "2017.06.05"]
[Round "6.58"]
[White "Esipenko, Andrey"]
[Black "Fedorchuk, Sergei"]
[Result "1/2-1/2"]
[WhiteElo "2509"]
[BlackElo "2621"]
[EventDate "2017.05.30"]
[PlyCount "104"]

1.d4 Nf6 2.c4 e6 3.Nf3 b6 4.g3 Bb4+ 5.Bd2 Be7 6.Bg2 c6 7.Qc2 d5 8.Bf4 O-O 
9.O-O Bb7 10.Rd1 Nbd7 11.Ne5 Nh5 12.Bd2 Nhf6 13.cxd5 cxd5 14.Nc6 Bxc6 15.
Qxc6 Rc8 16.Qb5 Ne8 17.Qd3 Ndf6 18.Nc3 Qd7 19.Rac1 Nd6 20.Rc2 Nc4 21.Be1 
b5 22.Nb1 h6 23.b3 Nd6 24.Rdc1 Nde4 25.Ba5 a6 26.f3 Nd6 27.Bd2 Nf5 28.Bh3 
Nd6 29.Be1 Nh7 30.Bd2 Nf6 31.Nc3 Rfd8 32.Nd1 Nb7 33.Nf2 Ba3 34.Rxc8 Rxc8 
35.Rc2 Be7 36.Be1 Nd8 37.Qd1 Rxc2 38.Qxc2 Nc6 39.Bc3 Qa7 40.e3 Qb6 41.Bf1 
Nd7 42.Qd2 Bg5 43.Kg2 a5 44.a4 bxa4 45.bxa4 Ndb8 46.f4 Be7 47.Bb5 Na6 48.
Nd3 Nab4 49.Nxb4 Nxb4 50.Bb2 Nc6 51.Bc3 Nb4 52.Bb2 Nc6 1/2-1/2

[Event "14th EUR-ch"]
[Site "Minsk BLR"]
[Date "2017.06.05"]
[Round "6.59"]
[White "Maze, Sebastien"]
[Black "Ali Marandi, Cemil Can"]
[Result "1/2-1/2"]
[WhiteElo "2619"]
[BlackElo "2479"]
[EventDate "2017.05.30"]
[PlyCount "85"]

1.d4 d5 2.c4 c6 3.cxd5 cxd5 4.Nc3 Nc6 5.Nf3 Nf6 6.Bf4 Bf5 7.e3 e6 8.Qb3 
Bb4 9.Ne5 Qb6 10.Nxc6 bxc6 11.Be2 Ne4 12.f3 Nxc3 13.bxc3 Be7 14.c4 c5 15.
cxd5 Qxb3 16.axb3 exd5 17.Ra5 cxd4 18.Rxd5 Be6 19.Bb5+ Kf8 20.Rxd4 Bxb3 
21.Ba6 g5 22.Bc7 Bc5 23.Re4 Be6 24.Ke2 Kg7 25.Rc1 Be7 26.Bb7 Rae8 27.Ra4 
Bd7 28.Rxa7 Bf6 29.Ra5 h6 30.Bg3 Re6 31.Bd5 Rb6 32.Rc2 Rb1 33.Ra7 Rd8 34.
Bc4 Be8 35.h3 h5 36.Kf2 h4 37.Bc7 Rd7 38.Bf1 Rdd1 39.Be2 Rdc1 40.Raa2 Rxc2
41.Rxc2 Ba4 42.Rc5 Rb2 43.Kf1 1/2-1/2

[Event "14th EUR-ch"]
[Site "Minsk BLR"]
[Date "2017.06.05"]
[Round "6.60"]
[White "Potapov, Pavel"]
[Black "Tomczak, Jacek"]
[Result "1/2-1/2"]
[WhiteElo "2497"]
[BlackElo "2615"]
[EventDate "2017.05.30"]
[PlyCount "69"]

1.e4 e6 2.Nf3 d5 3.Nc3 Nf6 4.e5 Nfd7 5.d4 c5 6.dxc5 Nc6 7.Bf4 Nxc5 8.Qd2 
Be7 9.O-O-O a6 10.h4 Qa5 11.Kb1 Nd7 12.Rh3 Bb4 13.Nd4 Nxd4 14.Qxd4 Qb6 15.
Qd2 Nc5 16.Qe3 Bd7 17.Ne2 Na4 18.Qxb6 Nxb6 19.Rg3 g6 20.Nd4 Ba4 21.a3 Be7 
22.Bg5 Nd7 23.Bxe7 Kxe7 24.f4 h5 25.b3 Bc6 26.Rc3 Rhc8 27.a4 Nf8 28.a5 Be8
29.Rxc8 Rxc8 30.Kb2 Nd7 31.b4 Nb8 32.c3 Rc7 33.g3 Nc6 34.Rc1 Nxd4 35.cxd4 
1/2-1/2

[Event "14th EUR-ch"]
[Site "Minsk BLR"]
[Date "2017.06.05"]
[Round "6.61"]
[White "Lomasov, Semen"]
[Black "Alekseev, Evgeny"]
[Result "1/2-1/2"]
[WhiteElo "2493"]
[BlackElo "2610"]
[EventDate "2017.05.30"]
[PlyCount "50"]

1.d4 d5 2.Bf4 Nf6 3.e3 c5 4.c3 Nc6 5.Nd2 e6 6.Ngf3 cxd4 7.exd4 Nh5 8.Be3 
Bd6 9.Ne5 g6 10.Bb5 Qc7 11.O-O O-O 12.f4 f6 13.Nd3 Ng7 14.Nf3 Na5 15.Qe2 
Nc4 16.Ba4 Bd7 17.Bxd7 Qxd7 18.Rae1 b6 19.Nd2 Na5 20.g4 Bc7 21.Bf2 Rae8 
22.Bg3 Nb7 23.Qg2 Kh8 24.h3 Nd6 25.Re3 Qa4 1/2-1/2

[Event "14th EUR-ch"]
[Site "Minsk BLR"]
[Date "2017.06.05"]
[Round "6.62"]
[White "Gasanov, Eldar"]
[Black "Mchedlishvili, Mikheil"]
[Result "0-1"]
[WhiteElo "2484"]
[BlackElo "2605"]
[EventDate "2017.05.30"]
[PlyCount "84"]

1.d4 Nf6 2.c4 g6 3.f3 Bg7 4.e4 O-O 5.Be3 d6 6.Nc3 c5 7.Nge2 Nc6 8.d5 Ne5 
9.Ng3 e6 10.Be2 exd5 11.cxd5 h5 12.O-O a6 13.a4 Nh7 14.Qd2 h4 15.Nh1 f5 
16.Nf2 Bd7 17.a5 Qe7 18.h3 Nf7 19.Rfe1 Rae8 20.Bf1 Qd8 21.Nd3 Qf6 22.Kh1 
g5 23.exf5 Bxf5 24.Bg1 Qg6 25.Rxe8 Rxe8 26.Re1 Rxe1 27.Nxe1 Nf6 28.Bd3 Nh5
29.Bf2 Nf4 30.Bf1 Ne5 31.Nd1 Ned3 32.Be3 Nxe1 33.Qxe1 Qe8 34.Qd2 Qa4 35.
Nc3 Qb4 36.Kg1 Bd4 37.Bxd4 Qxd4+ 38.Qf2 Kg7 39.Be2 Kf6 40.Bf1 Ke5 41.Ne2 
Nxe2+ 42.Bxe2 Kxd5 0-1

[Event "14th EUR-ch"]
[Site "Minsk BLR"]
[Date "2017.06.05"]
[Round "6.63"]
[White "Oparin, Grigoriy"]
[Black "Harutjunyan, Gevorg"]
[Result "1-0"]
[WhiteElo "2604"]
[BlackElo "2472"]
[EventDate "2017.05.30"]
[PlyCount "41"]

1.e4 c6 2.d4 d5 3.e5 Bf5 4.Nd2 e6 5.Nb3 Nd7 6.Nf3 h6 7.Be2 Ne7 8.O-O Bh7 
9.Bd2 Nf5 10.Rc1 Rc8 11.Ba5 b6 12.Bd2 Be7 13.c4 dxc4 14.Bxc4 O-O 15.Qe2 c5
16.Rfd1 cxd4 17.Nbxd4 Nxd4 18.Nxd4 Nxe5 19.Nxe6 Qd6 20.Nxf8 Rxc4 21.Nxh7 
1-0

[Event "14th EUR-ch"]
[Site "Minsk BLR"]
[Date "2017.06.05"]
[Round "6.64"]
[White "Gledura, Benjamin"]
[Black "Diermair, Andreas"]
[Result "0-1"]
[WhiteElo "2602"]
[BlackElo "2472"]
[EventDate "2017.05.30"]
[PlyCount "86"]

1.e4 e6 2.d4 d5 3.Nd2 Be7 4.Ngf3 Nf6 5.Bd3 c5 6.e5 Nfd7 7.c3 b6 8.Qe2 a5 
9.Bb5 a4 10.Qd1 a3 11.bxa3 Na6 12.a4 Nc7 13.c4 O-O 14.Bb2 Bb7 15.O-O Ra7 
16.Qb3 Nxb5 17.axb5 Qa8 18.a4 cxd4 19.Bxd4 Nc5 20.Bxc5 Bxc5 21.Rfc1 f6 22.
Re1 fxe5 23.Rxe5 Rf4 24.Rxe6 dxc4 25.Qc3 Bd5 26.Re2 Rf8 27.Qc2 h6 28.Ne4 
Rc7 29.Rd1 c3 30.Nd4 Bxe4 31.Rxe4 Rd7 32.Qb3+ Kh8 33.f3 Rfd8 34.Qc4 c2 35.
Qxc2 Rxd4 36.Rdxd4 Bxd4+ 37.Kh1 Qd5 38.h4 Bc5 39.Qe2 Kh7 40.Kh2 Bd6+ 41.
Kh3 Rf8 42.Rg4 Kh8 43.Qb2 Rxf3+ 0-1

[Event "14th EUR-ch"]
[Site "Minsk BLR"]
[Date "2017.06.05"]
[Round "6.65"]
[White "Minasian, Artashes"]
[Black "Kulaots, Kaido"]
[Result "1/2-1/2"]
[WhiteElo "2480"]
[BlackElo "2597"]
[EventDate "2017.05.30"]
[PlyCount "100"]

1.e4 c5 2.f4 d5 3.Bb5+ Bd7 4.Bxd7+ Qxd7 5.d3 Nc6 6.Nf3 e6 7.O-O Nf6 8.Nc3 
Be7 9.Ne5 Qc7 10.Nxc6 Qxc6 11.Qe2 O-O 12.Bd2 dxe4 13.dxe4 c4 14.Kh1 Rad8 
15.Rae1 Rd7 16.e5 Nd5 17.Ne4 Rfd8 18.Bc1 Bh4 19.g3 Be7 20.Rf3 Nc7 21.Kg2 
b5 22.h4 b4 23.Nf2 Nb5 24.Qe4 Qa6 25.Qxc4 Rc8 26.Qe2 Qa4 27.Rd3 Rxd3 28.
Qxd3 Rxc2 29.Be3 Nc7 30.Kh3 Nd5 31.Bd4 Rc8 32.b3 Qxa2 33.Ra1 Qc2 34.Qxc2 
Rxc2 35.Rxa7 h5 36.Ne4 Kh7 37.Nd6 Rd2 38.Bg1 Kg6 39.Ra6 Bxd6 40.exd6 Nf6 
41.Rb6 Rd3 42.Rxb4 Rxd6 43.Bd4 Nd5 44.Ra4 f6 45.Kg2 Kf5 46.Kf3 Rc6 47.Rc4 
Ra6 48.Ra4 Rc6 49.Rc4 Ra6 50.Ra4 Rc6 1/2-1/2

[Event "14th EUR-ch"]
[Site "Minsk BLR"]
[Date "2017.06.05"]
[Round "6.66"]
[White "Lopez Martinez, Josep Manuel"]
[Black "Sarana, Alexei"]
[Result "1-0"]
[WhiteElo "2597"]
[BlackElo "2472"]
[EventDate "2017.05.30"]
[PlyCount "119"]

1.e4 c6 2.Nc3 d5 3.Nf3 Nf6 4.e5 Ne4 5.Ne2 Qb6 6.d4 e6 7.Nfg1 f6 8.f3 Ng5 
9.exf6 gxf6 10.f4 Nf7 11.Nf3 e5 12.fxe5 fxe5 13.Ng3 e4 14.Ng5 Nxg5 15.Bxg5
Be6 16.Qh5+ Bf7 17.Qh3 Nd7 18.O-O-O Rg8 19.Bf4 O-O-O 20.Be2 Bg6 21.Bg4 Bg7
22.Ne2 c5 23.Nc3 cxd4 24.Nxd5 Qc5 25.Qb3 Bf7 26.Nb6+ Qxb6 27.Qxf7 Qc6 28.
Rhe1 d3 29.Bxd7+ Qxd7 30.Qc4+ Qc6 31.Rxe4 dxc2 32.Rxd8+ Rxd8 33.Qxc6+ bxc6
34.Re6 Rd1+ 35.Kxc2 Kd7 36.Re2 Rf1 37.Rd2+ Ke7 38.Be3 a6 39.Bc5+ Ke6 40.
Rd6+ Ke5 41.Rd7 Bf8 42.Bxf8 Rxf8 43.Kc3 h5 44.Ra7 Rf2 45.Rxa6 Kd6 46.Ra5 
h4 47.Rh5 Rxg2 48.Rxh4 Kc5 49.a4 Rf2 50.b3 Rf3+ 51.Kb2 Rf2+ 52.Ka3 Kb6 53.
Rh6 Rg2 54.h4 Rh2 55.h5 Rh3 56.Rh8 c5 57.Kb2 Kb7 58.h6 Ka7 59.Kc2 Kb7 60.
h7 1-0

[Event "14th EUR-ch"]
[Site "Minsk BLR"]
[Date "2017.06.05"]
[Round "6.67"]
[White "Buhmann, Rainer"]
[Black "Sychev, Klementy"]
[Result "1-0"]
[WhiteElo "2596"]
[BlackElo "2459"]
[EventDate "2017.05.30"]
[PlyCount "145"]

1.Nf3 d5 2.d4 Nf6 3.c4 c6 4.e3 Bf5 5.Nc3 e6 6.Nh4 Be4 7.f3 Bg6 8.Be2 a6 9.
O-O Be7 10.g3 O-O 11.a3 c5 12.dxc5 Bxc5 13.Kg2 Nc6 14.b4 Be7 15.Nxg6 hxg6 
16.cxd5 Nxd5 17.Nxd5 exd5 18.Ra2 Bf6 19.Rd2 Ne7 20.e4 Rc8 21.f4 Qb6 22.e5 
Nf5 23.Rd3 Be7 24.Bf3 d4 25.Be4 Rfd8 26.Qe2 Rc7 27.g4 Ne3+ 28.Bxe3 dxe3 
29.Qxe3 Qxe3 30.Rxe3 Rd2+ 31.Kg3 b6 32.g5 Rd4 33.Kf3 Rd2 34.h4 Rd4 35.Rb1 
Kf8 36.Rbb3 Ke8 37.Rbd3 Rxd3 38.Rxd3 Rc1 39.Bb7 a5 40.bxa5 bxa5 41.a4 Bb4 
42.Rd5 Rc5 43.Rd1 Rc3+ 44.Ke4 Rc4+ 45.Kf3 Rc3+ 46.Kg4 Ke7 47.Bd5 f5+ 48.
exf6+ gxf6 49.f5 gxf5+ 50.Kxf5 fxg5 51.hxg5 Re3 52.Bc6 Bc3 53.Rd7+ Kf8 54.
Rd8+ Kf7 55.g6+ Kg7 56.Rd7+ Kf8 57.Rf7+ Kg8 58.Rc7 Kf8 59.Be4 Ba1 60.Rc5 
Bc3 61.Rc8+ Ke7 62.Rc7+ Kd6 63.g7 Bxg7 64.Rxg7 Ra3 65.Rg6+ Kc5 66.Bc6 Re3 
67.Bb5 Re1 68.Rg4 Rb1 69.Rc4+ Kd5 70.Rc8 Rb2 71.Kf6 Kd6 72.Rc6+ Kd5 73.Ke7
1-0

[Event "14th EUR-ch"]
[Site "Minsk BLR"]
[Date "2017.06.05"]
[Round "6.68"]
[White "Santos Ruiz, Miguel"]
[Black "Ponkratov, Pavel"]
[Result "0-1"]
[WhiteElo "2473"]
[BlackElo "2590"]
[EventDate "2017.05.30"]
[PlyCount "94"]

1.e4 e5 2.Nf3 Nc6 3.Bb5 a6 4.Ba4 Nf6 5.d3 d6 6.c3 b5 7.Bc2 g6 8.O-O Bg7 9.
h3 O-O 10.Be3 Bb7 11.Nbd2 Nd7 12.d4 exd4 13.cxd4 Nb4 14.Bb3 c5 15.a3 Nc6 
16.Bd5 Rc8 17.Nb3 c4 18.Nbd2 Nb6 19.Bxc6 Bxc6 20.d5 Bd7 21.Bd4 Bxd4 22.
Nxd4 Na4 23.b3 Qf6 24.N4f3 Nb2 25.Qc2 c3 26.Nb1 b4 27.axb4 Bb5 28.Re1 Nd3 
29.Na3 Nxb4 30.Qd1 c2 31.Qd4 Qxd4 32.Nxd4 Rc5 33.Rec1 Rfc8 34.f3 Kg7 35.
Naxb5 axb5 36.Kf2 Nd3+ 37.Ke3 Nxc1 38.Rxc1 Kf6 39.b4 Rc4 40.Nxb5 Rxb4 41.
Nxd6 Rc5 42.f4 Rb3+ 43.Ke2 Rb1 44.Kd2 Ke7 45.e5 Rxd5+ 46.Kxc2 Rxc1+ 47.
Kxc1 f6 0-1

[Event "14th EUR-ch"]
[Site "Minsk BLR"]
[Date "2017.06.05"]
[Round "6.69"]
[White "Beliavsky, Alexander"]
[Black "Pacher, Milan"]
[Result "0-1"]
[WhiteElo "2589"]
[BlackElo "2450"]
[EventDate "2017.05.30"]
[PlyCount "100"]

1.d4 d5 2.c4 c6 3.Nf3 Nf6 4.Nc3 dxc4 5.a4 Bf5 6.e3 e6 7.Bxc4 Bb4 8.O-O 
Nbd7 9.Qe2 O-O 10.e4 Bg6 11.Bd3 Bh5 12.e5 Nd5 13.Nxd5 cxd5 14.Qe3 Be7 15.
Bd2 Bg6 16.Be2 Qb6 17.Rfc1 Rfc8 18.Bc3 Qd8 19.g3 h6 20.h4 Qf8 21.a5 Nb8 
22.Ne1 a6 23.h5 Be4 24.f3 Bh7 25.Bd3 Nc6 26.Bxh7+ Kxh7 27.Nd3 Nb4 28.Kg2 
Nxd3 29.Qxd3+ Kg8 30.f4 Rc6 31.f5 exf5 32.Qxf5 Qc8 33.g4 Bb4 34.Qf3 Bxc3 
35.Rxc3 Rxc3 36.bxc3 Qd7 37.Qf5 Qe7 38.Rf1 Rd8 39.Rf3 Qe6 40.Kg3 b6 41.
axb6 Rb8 42.Qf4 Rxb6 43.g5 hxg5 44.Qxg5 Rb1 45.Kf4 f6 46.Qf5 fxe5+ 47.dxe5
Qh6+ 48.Qg5 Qc6 49.Qf5 Rg1 50.e6 Qc7+ 0-1

[Event "14th EUR-ch"]
[Site "Minsk BLR"]
[Date "2017.06.05"]
[Round "6.70"]
[White "Postny, Evgeny"]
[Black "Hakobyan, Aram"]
[Result "1/2-1/2"]
[WhiteElo "2588"]
[BlackElo "2449"]
[EventDate "2017.05.30"]
[PlyCount "72"]

1.d4 Nf6 2.c4 e6 3.g3 Bb4+ 4.Bd2 Be7 5.Bg2 O-O 6.e4 d5 7.e5 Ne4 8.Nc3 c5 
9.Nxe4 dxe4 10.Qc2 Qxd4 11.Bxe4 Qxe5 12.Bf4 Qh5 13.h3 Nc6 14.g4 Qh4 15.Nf3
Nd4 16.Nxd4 cxd4 17.O-O-O Bg5 18.Bxg5 Qxg5+ 19.Kb1 e5 20.Bxh7+ Kh8 21.Be4 
Rb8 22.Qd2 Qxd2 23.Rxd2 Be6 24.c5 f5 25.gxf5 Bxf5 26.Re1 Rbc8 27.b4 a5 28.
a3 axb4 29.axb4 b6 30.cxb6 Rb8 31.Bxf5 Rxf5 32.Kb2 Rf6 33.Rxe5 Rfxb6 34.
Rxd4 Rxb4+ 35.Rxb4 Rxb4+ 36.Kc3 Rf4 1/2-1/2

[Event "14th EUR-ch"]
[Site "Minsk BLR"]
[Date "2017.06.05"]
[Round "6.71"]
[White "Costachi, Mihnea"]
[Black "Alexeenko, Kirill"]
[Result "0-1"]
[WhiteElo "2460"]
[BlackElo "2585"]
[EventDate "2017.05.30"]
[PlyCount "198"]

1.Nf3 d5 2.c4 dxc4 3.e3 Bg4 4.Bxc4 e6 5.h3 Bh5 6.Qb3 Bxf3 7.gxf3 Qc8 8.f4 
Ne7 9.Nc3 Nf5 10.d4 Nd7 11.Ne2 Be7 12.Rg1 O-O 13.e4 Nd6 14.f5 Nxe4 15.Bh6 
Bf6 16.Qf3 Kh8 17.Qxe4 gxh6 18.fxe6 fxe6 19.Nf4 Nb6 20.Bd3 Qd7 21.O-O-O 
Rae8 22.Nh5 Qc6+ 23.Qxc6 bxc6 24.Nxf6 Rxf6 25.Rd2 Rf4 26.Bc2 Nc4 27.Rd3 
Nd6 28.Rdg3 Rxf2 29.Rg7 Rf1+ 30.Rxf1 Kxg7 31.Rg1+ Kf6 32.Kd2 Nf5 33.Kc3 
Rd8 34.Rg4 h5 35.Rf4 Rg8 36.Be4 c5 37.Bxf5 cxd4+ 38.Rxd4 exf5 39.Ra4 Rg3+ 
40.Kd4 Rxh3 41.Rxa7 h4 42.Rxc7 h5 43.b4 Rh1 44.Rc2 h3 45.b5 Kg5 46.Kc5 Rg1
47.a4 Rg2 48.Rc1 h2 49.Rh1 Kg4 50.b6 Kg3 51.b7 Rb2 52.Kc6 Kg2 53.Rxh2+ 
Kxh2 54.a5 Rxb7 55.Kxb7 f4 56.a6 f3 57.a7 f2 58.a8=Q f1=Q 59.Qh8 Qb5+ 60.
Ka7 Qa5+ 61.Kb7 Qg5 62.Kc8 h4 63.Qb2+ Kh3 64.Qc3+ Qg3 65.Qd2 Qf3 66.Kd8 
Kg4 67.Qd4+ Qf4 68.Qd1+ Kg5 69.Qd5+ Qf5 70.Qg8+ Qg6 71.Qd5+ Kh6 72.Qf3 
Qd6+ 73.Kc8 Qe6+ 74.Kb7 h3 75.Qf4+ Kg6 76.Qg3+ Kf7 77.Qf4+ Ke8 78.Qg3 Kf8 
79.Ka7 Qf5 80.Qd6+ Kf7 81.Qc7+ Kg6 82.Qd6+ Kh5 83.Qg3 Qg4 84.Qe5+ Kg6 85.
Qe8+ Kh7 86.Qc6 Qg1+ 87.Kb8 Qg3+ 88.Ka7 h2 89.Qe4+ Kh8 90.Ka6 Qa3+ 91.Kb5 
Qb2+ 92.Kc4 Qc1+ 93.Kb3 h1=Q 94.Qe8+ Kg7 95.Qe5+ Kg6 96.Qe6+ Kg5 97.Qe7+ 
Kg4 98.Qe6+ Kg3 99.Qg6+ Kf2 0-1

[Event "14th EUR-ch"]
[Site "Minsk BLR"]
[Date "2017.06.05"]
[Round "6.72"]
[White "Grigoriants, Sergey"]
[Black "Moroni, Luca jr"]
[Result "1/2-1/2"]
[WhiteElo "2576"]
[BlackElo "2448"]
[EventDate "2017.05.30"]
[PlyCount "47"]

1.Nf3 d5 2.d4 Nf6 3.c4 e6 4.Nc3 c6 5.e3 Nbd7 6.Qc2 Bd6 7.Be2 O-O 8.O-O 
dxc4 9.Bxc4 a6 10.Rd1 b5 11.Bf1 Qc7 12.e4 e5 13.g3 Re8 14.Bg2 h6 15.a4 Bb7
16.dxe5 Nxe5 17.Nd4 Bc5 18.Nce2 Bb6 19.axb5 axb5 20.Rxa8 Bxa8 21.b3 Rd8 
22.Bb2 Qd7 23.Ra1 Qe8 24.Ra6 1/2-1/2

[Event "14th EUR-ch"]
[Site "Minsk BLR"]
[Date "2017.06.05"]
[Round "6.73"]
[White "Repka, Christopher"]
[Black "Svetushkin, Dmitry"]
[Result "1/2-1/2"]
[WhiteElo "2452"]
[BlackElo "2573"]
[EventDate "2017.05.30"]
[PlyCount "112"]

1.d4 Nf6 2.c4 e6 3.Nf3 b6 4.g3 Bb7 5.Bg2 Be7 6.Nc3 Ne4 7.Qc2 Nxc3 8.Qxc3 
O-O 9.O-O Be4 10.Rd1 d6 11.Qe3 Bb7 12.Qd3 Nd7 13.Ng5 Bxg5 14.Bxb7 Rb8 15.
Bc6 Bxc1 16.Raxc1 a5 17.a3 Qe7 18.b4 axb4 19.axb4 f5 20.c5 bxc5 21.dxc5 d5
22.Qe3 Rf7 23.b5 Nf6 24.f3 Nd7 25.Rd3 Nf8 26.f4 g5 27.Qd4 Rg7 28.e3 h5 29.
b6 cxb6 30.cxb6 h4 31.b7 Qd6 32.Rc2 gxf4 33.exf4 Ng6 34.Kf2 Kh7 35.Rb3 Rc7
36.Qa7 Qd8 37.Qe3 d4 38.Qxe6 d3 39.Rd2 Qd4+ 40.Kg2 Nxf4+ 41.gxf4 Qxf4 42.
Rdxd3 Rg7+ 43.Rg3 hxg3 44.hxg3 Rbg8 45.Qe1 Qd6 46.Be8 Qd5+ 47.Kf2 Qc5+ 48.
Qe3 Qc2+ 49.Ke1 f4 50.Rb5 Rg5 51.Qe7+ R8g7 52.Qxg5 Qe4+ 53.Kd2 Qd4+ 54.Ke1
Qe3+ 55.Kd1 Rxg5 56.b8=Q Qd3+ 1/2-1/2

[Event "14th EUR-ch"]
[Site "Minsk BLR"]
[Date "2017.06.05"]
[Round "6.74"]
[White "Baghdasarian, Vahe"]
[Black "Wagner, Dennis"]
[Result "1-0"]
[WhiteElo "2449"]
[BlackElo "2571"]
[EventDate "2017.05.30"]
[PlyCount "93"]

1.e4 e5 2.Nf3 Nc6 3.Bc4 Bc5 4.b4 Bxb4 5.c3 Be7 6.d4 Na5 7.Bd3 d6 8.dxe5 
dxe5 9.Nxe5 Nf6 10.O-O O-O 11.Qc2 Nd7 12.Nxd7 Qxd7 13.e5 g6 14.Nd2 b6 15.
Nb3 Nxb3 16.axb3 Bb7 17.f3 Rfd8 18.Rd1 Qe6 19.Bf4 a5 20.Bg3 b5 21.f4 a4 
22.bxa4 bxa4 23.f5 gxf5 24.Bxf5 Rxd1+ 25.Rxd1 Qh6 26.e6 fxe6 27.Qe2 exf5 
28.Qxe7 f4 29.Bf2 Qg7 30.Qe6+ Qf7 31.Qe5 Qg6 32.g3 fxg3 33.hxg3 Qh6 34.Rd5
Qc1+ 35.Kg2 Qd2 36.Qe6+ Kf8 37.Qf6+ Kg8 38.Qe6+ Kf8 39.Qf5+ Kg8 40.Qg4+ 
Kh8 41.Kg1 Qxd5 42.Bd4+ Qxd4+ 43.Qxd4+ Kg8 44.Qc4+ Kh8 45.Qxc7 Bf3 46.Qe5+
Kg8 47.Qg5+ 1-0

[Event "14th EUR-ch"]
[Site "Minsk BLR"]
[Date "2017.06.05"]
[Round "6.75"]
[White "Bortnyk, Olexandr"]
[Black "Kessler, Luca"]
[Result "1/2-1/2"]
[WhiteElo "2567"]
[BlackElo "2431"]
[EventDate "2017.05.30"]
[PlyCount "250"]

1.e4 e5 2.Nf3 Nc6 3.Bb5 a6 4.Ba4 Nf6 5.d3 d6 6.c3 g6 7.O-O Bg7 8.Nbd2 O-O 
9.Re1 b5 10.Bc2 Nd7 11.Nf1 Bb7 12.Bg5 Qc8 13.Qd2 Re8 14.Rad1 Nf8 15.Bh6 
Nb8 16.d4 Nbd7 17.Ng3 Ne6 18.Bb3 Bh8 19.h4 Qd8 20.Ng5 Nxg5 21.hxg5 Nb6 22.
f4 exf4 23.Rf1 Nc4 24.Rxf4 Re7 25.Qf2 Qe8 26.Rf1 Rd8 27.Bd1 c5 28.b3 Nb6 
29.Rf6 cxd4 30.e5 dxe5 31.Rxb6 e4 32.Rxb7 Rxb7 33.Qf4 Re7 34.cxd4 Rxd4 35.
Be2 Qd8 36.Rc1 Re8 37.Nf1 e3 38.Qf3 Qe7 39.Rc6 Rd6 40.Rc2 Bd4 41.Nh2 f6 
42.gxf6 Bxf6 43.Ng4 Bg7 44.Bf4 Rd7 45.Qh3 Rd2 46.Rc7 Qxc7 47.Bxc7 Rxe2 48.
Kh2 Rc2 49.Ba5 e2 50.Qd3 Rc1 51.a4 e1=Q 52.Bxe1 Rcxe1 53.axb5 axb5 54.Qd6 
h5 55.Nf6+ Kf7 56.Nd7 Be5+ 57.Nxe5+ R8xe5 58.Qd7+ Kf6 59.Qd8+ Kf5 60.Qd7+ 
Kf6 61.Qd8+ Kg7 62.Qd7+ Kh6 63.Qd8 Re8 64.Qd7 R1e5 65.Qf7 R8e7 66.Qg8 Kg5 
67.Qd8 Kf5 68.Qd3+ Kf6 69.Qd8 Kg7 70.Qd4 Kf7 71.Qf4+ Rf5 72.Qh6 Rf6 73.
Qh7+ Ke6 74.Qg8+ Kf5 75.Qd5+ Re5 76.Qf3+ Ke6 77.Qc6+ Kf7 78.Qb7+ Ke6 79.
Qc6+ Kf7 80.Qb7+ Re7 81.Qxb5 Kg7 82.Qd5 Kh7 83.Qd8 Rff7 84.b4 Rb7 85.Qd5 
Rfe7 86.Qc5 Re6 87.b5 Reb6 88.Qc4 Rxb5 89.Qc6 Rb2 90.Qe4 Rf7 91.Qe6 Rbf2 
92.Qe4 R2f5 93.Qe6 R5f6 94.Qe4 Rf4 95.Qe6 Rf2 96.Qe4 Rd7 97.Qe6 Rdd2 98.
Qe7+ Kh6 99.Qe3+ Kg7 100.Qe7+ Rf7 101.Qe5+ Kh7 102.Qe6 Rdd7 103.Qe3 Rde7 
104.Qd2 Rf6 105.Qd8 Rfe6 106.Qd3 Re3 107.Qd4 Re2 108.Qd3 Rf2 109.Kh3 Ree2 
110.Qd7+ Kh6 111.Qd4 Rxg2 112.Qh8+ Kg5 113.Qxh5+ Kf4 114.Qh6+ Ke4 115.Qh4+
Kf5 116.Qg4+ Ke5 117.Qc8 Rgf2 118.Kg3 Kf6 119.Qh8+ Kf7 120.Qh7+ Kf8 121.
Qh8+ Kf7 122.Qh7+ Kf6 123.Qh8+ Kg5 124.Qh4+ Kf5 125.Qh3+ Kf6 1/2-1/2

[Event "14th EUR-ch"]
[Site "Minsk BLR"]
[Date "2017.06.05"]
[Round "6.76"]
[White "Predke, Alexandr"]
[Black "Mochalov, Evgeny"]
[Result "1-0"]
[WhiteElo "2566"]
[BlackElo "2378"]
[EventDate "2017.05.30"]
[PlyCount "69"]

1.e4 c5 2.Nc3 g6 3.Nf3 Bg7 4.d4 cxd4 5.Nxd4 Nc6 6.Be3 Nf6 7.Bc4 O-O 8.Bb3 
e6 9.O-O d5 10.exd5 Nxd5 11.Bxd5 exd5 12.Qd2 Be6 13.Rad1 Rc8 14.Nxc6 Rxc6 
15.Nb5 Ra6 16.Bc5 Rxa2 17.Bxf8 Qxf8 18.c3 Qc5 19.Qe2 Qb6 20.Rd2 Bd7 21.c4 
Bc6 22.Rfd1 Qc5 23.Na3 d4 24.Nb5 Qg5 25.g3 Bxb5 26.cxb5 h5 27.Qe8+ Bf8 28.
Rc2 Qe7 29.Qxe7 Bxe7 30.Rxd4 b6 31.Rc8+ Kg7 32.Rc7 Kf8 33.Rdd7 Bc5 34.
Rxf7+ Ke8 35.Rh7 1-0

[Event "14th EUR-ch"]
[Site "Minsk BLR"]
[Date "2017.06.05"]
[Round "6.77"]
[White "Kanmazalp, Ogulcan"]
[Black "Zhigalko, Andrei"]
[Result "1/2-1/2"]
[WhiteElo "2447"]
[BlackElo "2566"]
[EventDate "2017.05.30"]
[PlyCount "63"]

1.Nf3 Nf6 2.c4 e6 3.g3 d5 4.d4 Bb4+ 5.Nc3 O-O 6.Bg2 dxc4 7.a3 Be7 8.Ne5 
Nc6 9.Bxc6 bxc6 10.Nxc6 Qe8 11.Nxe7+ Qxe7 12.Qa4 Bb7 13.O-O c5 14.Qxc4 
cxd4 15.Qxd4 Rfd8 16.Qb4 Qxb4 17.axb4 Rd4 18.Ra4 Nd5 19.Nxd5 Rxd5 20.Be3 
a6 21.Rc1 Rad8 22.f3 Rd1+ 23.Rxd1 Rxd1+ 24.Kf2 f6 25.Ra5 Rd5 26.Ra3 Kf7 
27.Rc3 Ke8 28.Bb6 Rd6 29.Ba5 Rc6 30.Ke3 Kd7 31.g4 e5 32.Rxc6 1/2-1/2